System podmiotowy gospodarki narodowej

Enregistré dans:
Détails bibliographiques
Format: Livre
Langue:polonais
Publié: Warszawa Szkola Glóvna planowania i statystyki 1983
Collection:Monografie i opracowania 122
Tags: Ajouter un tag
Pas de tags, Soyez le premier à ajouter un tag!

MARC

LEADER 00000nam a2200000 4500
001 c116831
005 20250630095225.8
041 0 |a pol 
044 |a PL 
245 1 0 |a System podmiotowy gospodarki narodowej  |c Stefan Dulski 
264 1 |a Warszawa  |b Szkola Glóvna planowania i statystyki  |c 1983 
300 |a 157 s. 
490 1 |a Monografie i opracowania  |v 122 
830 0 |a Monografie i opracowania  |v 122